| 000 | 01096nam a22002897a 4500 | ||
|---|---|---|---|
| 003 | OSt | ||
| 005 | 20240530110438.0 | ||
| 008 | 150326s2011 su g b 000 0 ara d | ||
| 020 | _a3024503603978 | ||
| 040 | _aEG-CaGPL | ||
| 082 | 0 | 4 |
_221 _a219.1\ _bب ن |
| 100 | 1 | _aبولوك ، كاثرين | |
| 245 | 1 | 0 |
_aنظرة الغرب الى الحجاب : _bدراسة ميدانية موضوعية / _cتاليف كاثرين بولوك ؛ نقله الى العربية شكرى مجاهد |
| 250 | _aالاولى | ||
| 260 |
_aالرياض : _bالعبيكان للنشر ، _c2011 . |
||
| 300 |
_a343 ص ؛ _c24 سم |
||
| 504 | _aيشتمل على ارجاعات ببليوجرافية | ||
| 650 | 0 | 4 | _aالمرأة فى الاسلام |
| 650 | 0 | 4 | _aحجاب المرأة |
| 650 | 0 | 4 | _aالاسلام والاصلاح الدينى |
| 650 | 0 | 4 | _aالاسلام والغرب |
| 650 | 0 | 4 | _aالحجاب والسفور |
| 650 | 0 | 4 |
_aالاسلام _xدفع مطاعن |
| 700 | 0 |
_aشكرى مجاهد _eمترجم |
|
| 942 |
_2ddc _cBK |
||
| 999 |
_c60984 _d60984 |
||